<?xml version="1.0" encoding="UTF-8"?>
<record
    xmlns:xsi="http://www.w3.org/2001/XMLSchema-instance"
    xsi:schemaLocation="http://www.loc.gov/MARC21/slim http://www.loc.gov/standards/marcxml/schema/MARC21slim.xsd"
    xmlns="http://www.loc.gov/MARC21/slim">

  <leader>01268nam a2200277 i 4500</leader>
  <controlfield tag="003">DO-SdBNP</controlfield>
  <controlfield tag="005">20250717141243.0</controlfield>
  <controlfield tag="007">ta</controlfield>
  <controlfield tag="008">250708b1999    dr ||||| |||| 00| 0 spa d</controlfield>
  <datafield tag="040" ind1=" " ind2=" ">
    <subfield code="a">DO-SdBNP</subfield>
    <subfield code="b">spa</subfield>
    <subfield code="c">BNPHU</subfield>
    <subfield code="e">rda</subfield>
  </datafield>
  <datafield tag="041" ind1=" " ind2=" ">
    <subfield code="a">spa</subfield>
  </datafield>
  <datafield tag="082" ind1=" " ind2="4">
    <subfield code="a">xxx</subfield>
    <subfield code="b">A696</subfield>
    <subfield code="2">22</subfield>
  </datafield>
  <datafield tag="100" ind1="1" ind2=" ">
    <subfield code="a">Arias, Luis,</subfield>
    <subfield code="e">autor</subfield>
    <subfield code="4">aut.</subfield>
    <subfield code="q">(Arias N&#xFA;&#xF1;ez)</subfield>
    <subfield code="9">9356</subfield>
  </datafield>
  <datafield tag="245" ind1="1" ind2="3">
    <subfield code="a">La extradici&#xF3;n interpretaci&#xF3;n y aplicaci&#xF3;n en Rep&#xFA;blica Dominicana /</subfield>
    <subfield code="c">Luis Arias N&#xFA;&#xF1;ez</subfield>
  </datafield>
  <datafield tag="250" ind1=" " ind2=" ">
    <subfield code="a">Segunda edici&#xF3;n</subfield>
  </datafield>
  <datafield tag="264" ind1=" " ind2="1">
    <subfield code="a">Santo Domingo :</subfield>
    <subfield code="b">Editora Centenario,</subfield>
    <subfield code="c">1999.</subfield>
  </datafield>
  <datafield tag="300" ind1=" " ind2=" ">
    <subfield code="a">347 p&#xE1;ginas ;</subfield>
    <subfield code="c">23 cm.</subfield>
  </datafield>
  <datafield tag="336" ind1=" " ind2=" ">
    <subfield code="a">texto</subfield>
    <subfield code="b">txt</subfield>
    <subfield code="2">rdacontent</subfield>
  </datafield>
  <datafield tag="337" ind1=" " ind2=" ">
    <subfield code="a">sin mediaci&#xF3;n</subfield>
    <subfield code="b">n</subfield>
    <subfield code="2">rdamedia</subfield>
  </datafield>
  <datafield tag="338" ind1=" " ind2=" ">
    <subfield code="a">volumen</subfield>
    <subfield code="b">nc</subfield>
    <subfield code="2">rdacarrier</subfield>
  </datafield>
  <datafield tag="500" ind1=" " ind2=" ">
    <subfield code="a">Incluye datos biograf&#xED;cos del autor en la contracubierta. </subfield>
  </datafield>
  <datafield tag="520" ind1=" " ind2=" ">
    <subfield code="a">Este documento trata sobre la extradici&#xF3;n en la Rep&#xFA;blica Dominicana. Brevemente describe la historia de la extradici&#xF3;n, los conceptos clave como la definici&#xF3;n legal de extradici&#xF3;n, los tipos de extradici&#xF3;n activa y pasiva, y los tratados de extradici&#xF3;n m&#xE1;s importantes firmados por el pa&#xED;s. Finalmente, analiza el caso de extradici&#xF3;n m&#xE1;s trascendental en la historia dominicana.</subfield>
  </datafield>
  <datafield tag="590" ind1=" " ind2=" ">
    <subfield code="a">Inventariado, 2025/ YL</subfield>
  </datafield>
  <datafield tag="910" ind1=" " ind2=" ">
    <subfield code="a">YLockward</subfield>
  </datafield>
  <datafield tag="942" ind1=" " ind2=" ">
    <subfield code="2">ddc</subfield>
    <subfield code="c">LBS1</subfield>
  </datafield>
  <datafield tag="952" ind1=" " ind2=" ">
    <subfield code="0">0</subfield>
    <subfield code="1">0</subfield>
    <subfield code="2">ddc</subfield>
    <subfield code="5">1</subfield>
    <subfield code="7">0</subfield>
    <subfield code="8">PD</subfield>
    <subfield code="a">BNPHU</subfield>
    <subfield code="b">BNPHU</subfield>
    <subfield code="c">CT</subfield>
    <subfield code="d">2023-03-31</subfield>
    <subfield code="e">Donado por Ana Teresa P&#xE9;rez </subfield>
    <subfield code="l">0</subfield>
    <subfield code="o">BNPHU PD A696</subfield>
    <subfield code="p">2025-6277</subfield>
    <subfield code="r">2025-07-09</subfield>
    <subfield code="w">2025-07-09</subfield>
    <subfield code="y">LBS1</subfield>
    <subfield code="z">Autografiado por el autor. </subfield>
  </datafield>
  <datafield tag="952" ind1=" " ind2=" ">
    <subfield code="0">0</subfield>
    <subfield code="1">0</subfield>
    <subfield code="2">ddc</subfield>
    <subfield code="5">1</subfield>
    <subfield code="7">0</subfield>
    <subfield code="8">PD</subfield>
    <subfield code="a">BNPHU</subfield>
    <subfield code="b">BNPHU</subfield>
    <subfield code="c">CT</subfield>
    <subfield code="d">2023-03-31</subfield>
    <subfield code="e">Donado por Ana Teresa P&#xE9;rez </subfield>
    <subfield code="l">0</subfield>
    <subfield code="o">BNPHU PD A696</subfield>
    <subfield code="p">2025-6278</subfield>
    <subfield code="r">2025-07-09</subfield>
    <subfield code="t">e. 2</subfield>
    <subfield code="w">2025-07-09</subfield>
    <subfield code="y">LBS1</subfield>
  </datafield>
  <datafield tag="952" ind1=" " ind2=" ">
    <subfield code="0">0</subfield>
    <subfield code="1">0</subfield>
    <subfield code="2">ddc</subfield>
    <subfield code="5">6</subfield>
    <subfield code="7">0</subfield>
    <subfield code="8">DS</subfield>
    <subfield code="a">BNPHU</subfield>
    <subfield code="b">BNPHU</subfield>
    <subfield code="c">CT</subfield>
    <subfield code="d">2025-07-17</subfield>
    <subfield code="e">Donado por Rafael Grull&#xF3;n.</subfield>
    <subfield code="l">0</subfield>
    <subfield code="o">BNPHU DS A696</subfield>
    <subfield code="p">2025-6681</subfield>
    <subfield code="r">2025-07-17</subfield>
    <subfield code="t">e.3</subfield>
    <subfield code="w">2025-07-17</subfield>
    <subfield code="y">LBS1</subfield>
  </datafield>
  <datafield tag="999" ind1=" " ind2=" ">
    <subfield code="c">59467</subfield>
    <subfield code="d">59467</subfield>
  </datafield>
</record>
